| 000 | 00897nam a2200241Ii 4500 | ||
|---|---|---|---|
| 003 | JO-AjNU | ||
| 008 | 230605s9999||||xx |||||||||||||| ||und|| | ||
| 017 | _a16/3041 | ||
| 020 | _a9960-627-90-6-X | ||
| 040 |
_aJO-AjNU _bara _erda _cJO-AjNU |
||
| 041 | _aara | ||
| 050 | 1 | 4 | _aBP173.759.Q336 2002 |
| 100 | 3 |
_aقحف، منذر, _eauthor _927849 |
|
| 245 | 0 | 0 | _aاقتصاديات المسؤولية التقصيرية للمنتج : بحث عن وجهة نظر إسلامية |
| 250 | _aط2 | ||
| 264 | 3 | 1 | _aجدة: المعهد الاسلامي للبحوث والتدريب البنك الاسلامي للتنمية، 2002 |
| 300 |
_a144ص _bالمراجع العربية(ص137-144) |
||
| 336 |
_atext _btxt _2rdacontent |
||
| 337 |
_aunmediated _bn _2rdamedia |
||
| 338 |
_avolume _bnc _2rdacarrier |
||
| 490 | 0 | _aبحث رقم 36 | |
| 650 | 4 |
_aالاقتصاد الاسلامي _927850 |
|
| 999 |
_aA10731 _c14299 _d14299 |
||